Statystyki dla Quiz o Monako

Kliknij tutaj aby rozwiązać quiz!

Ogólne statystyki

  • Ten quiz został rozwiązany 1 229 razy
  • Średni wynik to 8 z 17

Statystyki odpowiedzi

WskazówkaOdpowiedź% Poprawnych
Jedyne państwo graniczące z MonakoFrancja
99%
Język oficjalnyfrancuski
95%
Państwo z podobną flagą:
Indonezja
95%
Morze granicząceMorze {Śródziemne}
87%
Monako to ____ państwo na świecie, wyprzedzając Liechtenstein i KatarNajbogatsze
64%
Monako leży na tym znanym wybrzeżu{Lazurowe} Wybrzeże
59%
Duże wydarzenie sportowe odbywające się corocznie w Monako od 1929 rokuMonaco Grand Prix
50%
Słynne kasyno otwarte w 1863 rokuMonte Carlo
46%
Monako ma najwyższą średnią ____ ____ ___ ze wszystkich państw,
wynoszącą prawie 90 lat
Oczekiwaną długość
życia
35%
Za taką przystań uważane jest MonakoRaj {podatkowy}
29%
Obecny monarchaAlbert II Grimaldi
28%
Pobliskie włoskie miasto, które zbudowało fort na monakijskiej ziemi
w 1215 roku, wydarzenie to uważane jest za
początek współczesnej historii państwa
Genua
27%
Monako jest pierwsze na świecie pod względem _____Gęstości zaludnienia
27%
Nazwa rodziny królewskiejGrimaldi
23%
Amerykańska aktorka, która poślubiła księcia Rainiera w 1956 rokuGrace Kelly
19%
Półbóg, który według legendy zbudował port w MonakoHerkules
19%
Dialekt liguryjski używany w Monakomonegaski
14%

Rozkład punktacji

Percentyl według liczby udzielonych odpowiedzi

Procent ludzi z każdym wynikiem

Twoja historia wyników

Nie rozwiązałeś tego quizu